| 000 | 00713 a2200217 4500 | ||
|---|---|---|---|
| 010 | _aENG-90119 | ||
| 020 |
_a8183684934 _c150.00 |
||
| 035 | _aEN-73652 | ||
| 037 | _bDBAD / PUB | ||
| 082 | 1 | 4 | _aN |
| 090 |
_c12477 _d12477 |
||
| 100 | 1 | _a Hephzibah Jesudasan | |
| 245 | 1 |
_aLizzy's legacy: _cby Hephzibah Jesudassan; translated from Tamil by G. Geetha _bPutham veedu/ |
|
| 246 | _aPutham veedu | ||
| 260 |
_aChennai _bNew Horizon Media _c2007 |
||
| 270 |
_a33 / 15, Eldams Road _bChennai _e600 018 |
||
| 300 |
_a168p. _c22 cm (pbk) |
||
| 490 | _aIndian Writing ; 17 | ||
| 942 |
_adpl _cEN _k N / HEP |
||
| 999 |
_c12119 _d12119 |
||